| 000 | 00798nam a22001577a 4500 | ||
|---|---|---|---|
| 003 | OSt | ||
| 005 | 20210614123908.0 | ||
| 008 | 151003b xxu||||| |||| 00| 0 eng d | ||
| 040 | _cRUA | ||
| 082 | _aAVM CHE 2002 B072 Or.1 | ||
| 100 |
_91907 _aCHEA, SOCHEATH. |
||
| 245 | _aThe effect of mungo bran on the growth of pekin ducks at the research station of R.U.A, ឥទ្ថិពលនៃការប្រើប្រាស់កាកសណ្តែកបាយជាចំណីផ្សំសម្រាប់ការលូតលាស់របស់ពូជទាប៉េកាំង នៅស្ថានីយ៏សាកលវិទ្យាល័យភូមិន្ទកសិកម្ម | ||
| 260 |
_aPhnom Penh _bRUA _c2002 |
||
| 300 |
_avi; 30p. _bill. _c29cm. |
||
| 942 |
_2ddc _cAVM |
||
| 999 |
_c1803 _d1803 |
||